Kresťanské odbory

Bibliographic Details
Main Author: Katuninec, Milan, 1960- (Author)
Format: Article
Language:Slovak
Subjects:

MARC

LEADER 00000nab a2200000 a 4500
001 vtls000648602
003 SK-MaSNL
005 20260302183314.0
008 180206c1998 xo 0 slo
015 |a SNBRA1998/01-01336 
035 |a CLN000000797 
040 |a SNKBUCL  |b slo  |c SNKBUCL  |e AACR2 
041 0 |a slo 
044 |a xo  |c SK 
080 |a 26/28(437.6)  |2 UDC-MRF-SK2 
100 1 |a Katuninec, Milan,  |d 1960-  |4 aut  |9 97641 
245 1 0 |a Kresťanské odbory  |c Milan Katuninec 
610 7 |a Nezávislé kresťanské odbory Slovenska  |2 snkbucl  |9 266778 
655 7 |a články z novín a časopisov  |2 snkbucl  |2 snkbucl  |9 267496 
773 0 |t Viera a život  |g Roč. 8, č. 1 (1998), s. 30-32 
850 |a Slovenská národná knižnica v Martine 
852 |a SNK  |b KIS3GCP 
958 |a RBX  |x rozpis článkov z periodík 
999 |c 1421221  |d 1423151